<?xml version="1.0" encoding="UTF-8"?><?xml-stylesheet type="text/xsl" href="static/style.xsl"?><OAI-PMH xmlns="http://www.openarchives.org/OAI/2.0/" xmlns:xsi="http://www.w3.org/2001/XMLSchema-instance" xsi:schemaLocation="http://www.openarchives.org/OAI/2.0/ http://www.openarchives.org/OAI/2.0/OAI-PMH.xsd"><responseDate>2026-04-17T02:59:34Z</responseDate><request verb="GetRecord" identifier="oai:www.recercat.cat:2072/476434" metadataPrefix="marc">https://recercat.cat/oai/request</request><GetRecord><record><header><identifier>oai:recercat.cat:2072/476434</identifier><datestamp>2025-04-03T10:54:41Z</datestamp><setSpec>com_2072_98</setSpec><setSpec>col_2072_378192</setSpec></header><metadata><record xmlns="http://www.loc.gov/MARC21/slim" xmlns:dcterms="http://purl.org/dc/terms/" xmlns:xsi="http://www.w3.org/2001/XMLSchema-instance" xmlns:doc="http://www.lyncode.com/xoai" xsi:schemaLocation="http://www.loc.gov/MARC21/slim http://www.loc.gov/standards/marcxml/schema/MARC21slim.xsd">
   <leader>00925njm 22002777a 4500</leader>
   <datafield ind2=" " ind1=" " tag="042">
      <subfield code="a">dc</subfield>
   </datafield>
   <datafield ind2=" " ind1=" " tag="720">
      <subfield code="a">Almirall Llambrich, Mireia</subfield>
      <subfield code="e">author</subfield>
   </datafield>
   <datafield ind2=" " ind1=" " tag="720">
      <subfield code="a">Miret, Pau</subfield>
      <subfield code="e">author</subfield>
   </datafield>
   <datafield ind2=" " ind1=" " tag="720">
      <subfield code="a">Garcia Roman, Joan</subfield>
      <subfield code="e">author</subfield>
   </datafield>
   <datafield ind2=" " ind1=" " tag="720">
      <subfield code="a">Centre d'Estudis Demogràfics</subfield>
      <subfield code="e">author</subfield>
   </datafield>
   <datafield ind2=" " ind1=" " tag="260">
      <subfield code="c">2024</subfield>
   </datafield>
   <datafield ind2=" " ind1=" " tag="520">
      <subfield code="a">En este artículo se analiza la dedicación al trabajo doméstico no remunerado de la población entre 55 y 71 años en dieciocho países europeos. Se utiliza la encuesta SHARE, que incluye por primera vez un módulo específico de «usos del tiempo» para determinar la dedicación de mujeres y hombres al trabajo doméstico no remunerado. Los primeros resultados confirman que en los países del Mediterráneo y Este se destina más tiempo, pero que, en el centro, norte y este la relación es más equitativa. Para explicar estas diferencias se han clasificado los países en cuatro agrupaciones y se ha dibujado un patrón de género según las variables participación en el mercado laboral, nivel de estudios e ingresos, que han permitido determinar que es primordialmente una cuestión de género vinculada al contexto regional.</subfield>
   </datafield>
   <datafield ind2=" " ind1=" " tag="520">
      <subfield code="a">This article examines the dedication to unpaid domestic work among men and women aged 55 to 71 in eighteen European countries. The 2019-2020 SHARE survey is used, which, for the first time included a specific 'time use' module to determine the time women and men dedicate to unpaid domestic work. The initial results confirm that more time is allocated to this work in Mediterranean and Eastern European countries, while in the central-north and east, the time allocation between women and men for unpaid domestic work is more equitable. To explain these differences, countries have been classified into four groups, and a gender pattern is found based on variables such as labour market participation, level of education, and income. This permits us to conclude that dedication to unpaid domestic labour is gender based and linked to regional contexts.</subfield>
   </datafield>
   <datafield tag="653" ind2=" " ind1=" ">
      <subfield code="a">Europa</subfield>
   </datafield>
   <datafield tag="653" ind2=" " ind1=" ">
      <subfield code="a">Género</subfield>
   </datafield>
   <datafield tag="653" ind2=" " ind1=" ">
      <subfield code="a">Patrones regionales</subfield>
   </datafield>
   <datafield tag="653" ind2=" " ind1=" ">
      <subfield code="a">Población mayor</subfield>
   </datafield>
   <datafield tag="653" ind2=" " ind1=" ">
      <subfield code="a">SHARE</subfield>
   </datafield>
   <datafield tag="653" ind2=" " ind1=" ">
      <subfield code="a">Trabajo doméstico no remunerado</subfield>
   </datafield>
   <datafield tag="653" ind2=" " ind1=" ">
      <subfield code="a">Europe</subfield>
   </datafield>
   <datafield tag="653" ind2=" " ind1=" ">
      <subfield code="a">Gender</subfield>
   </datafield>
   <datafield tag="653" ind2=" " ind1=" ">
      <subfield code="a">Regional Patterns</subfield>
   </datafield>
   <datafield tag="653" ind2=" " ind1=" ">
      <subfield code="a">Older Population</subfield>
   </datafield>
   <datafield tag="653" ind2=" " ind1=" ">
      <subfield code="a">Unpaid Domestic Work</subfield>
   </datafield>
   <datafield ind2="0" ind1="0" tag="245">
      <subfield code="a">Patrones de género en la dedicación al trabajo doméstico no remunerado de la población adulta mayor en dieciocho países europeos</subfield>
   </datafield>
</record></metadata></record></GetRecord></OAI-PMH>